000 00328cam a22001331 4500
040 _cMChB
082 _a330 IRW 1947 A077 Or.
100 1 _aDue, John F.
245 1 0 _aIntermediate economic analysis.
260 _aChicago,
_bR. D. Irwin,
_c1947.
300 _axii, 445 p.
_bdiagrs.
_c24 cm.
650 0 _aEconomics.
942 _cEK
999 _c15551
_d15551